Statistiken für Südamerika Karten-Quiz

Klicken Sie hier um das Quiz zu spielen!

Allgemein

  • Dieses Quiz wurde 12,598 mal gespielt
  • Das Durchschnittsergebnis liegt bei 11 aus 14

Antwortstatistiken

Answer % Korrekt
Brasilien
98%
Argentinien
95%
Chile
95%
Falklandinseln (UK)
86%
Peru
83%
Venezuela
82%
Paraguay
81%
Ecuador
81%
Kolumbien
80%
Uruguay
79%
Bolivien
78%
Französisch-Guayana
73%
Suriname
64%
Guyana
57%

Verteilung der Resultate

Perzentil nach korrekt beantworteten Fragen

Anzahl Personen mit jedem Resultat

Ihre Resultats-Entwicklung

Sie haben dieses Quiz noch nicht gespielt